Регионална библиотека "Любен Каравелов" - Русе

Цената на компромиса (Запис номер 499145)

MARC детайли
000 -Лидер
Контролно поле с фиксирана дължина 01180nam a2200289 c 4500
003 - Код на организацията, давaща контролен номер
Контролно поле BLK
005 - Дата и час на последна редакция
Контролно поле 20250128103543.0
008 - Елементи от данни с фиксирана дължина
fixed length control field 180411b bul|||||r ||||||| ||bul||
020 ## - Международен стандартен номер на книга ISBN
Международен стандартен номер на книга ISBN 9789540917375
040 ## - Източник на каталожния запис
Идентификатор на билиотеката - собственик на записа BLK
041 ## - Код за език
Код за езика на текст/звукозапис или на отделно заглавие Български
Код за езика КДБФ Български
080 ## - УДК
Текстов определител УДК Българска литература
УДК код - определител по УДК 821.163.2
УДК - код + определител 821.163.2-312.4
100 1# - Редна дума - Автор
Автор Георгиев, Юлий Спасов
Авторска отговорност първи автор
R(LIN) 269600
139 ## - Редно поле
Редна дума Георгиев, Юлий Спасов
Авторски знак Георгиев - Г 37
245 10 - Сведения за заглавието
Заглавие Цената на компромиса
Редно поле (дума) Юлий Спасов Георгиев.
257 ## - Страна на издаване
Страна на създаване/издаване България
260 ## - Област на издателските данни
Име на издателя, разпространителя и проч. Захарий Стоянов
Година на издаване 2023
9 (RLIN) 209473
Място на издаване, разпространение и проч. София
Издателство - префикс ISBN 978-954-739- ; 978-954-09- ; 954-9559-
300 ## - Физическа характеристика
Страници 334 с.
Размери/Мащаб 22 см
380 ## - Жанр
Жанр Худож. лит.
500 ## - Общи забележки
Забележка Цената на моралния компромис / Иван Гранитски: с. 331-333<br/>Иван Гранитски - псевд. на авт. на доп. материал Иван Йорданов Димитров
852 ## - Местоположение
Форматна сигнатура Цб 320581
856 4# - Електронен адрес и достъп
Електронен формат pdf - файл
856 4# - Електронен адрес и достъп
Електронен формат pdf - файл
942 ## - АРТИКУЛИ
Вид на библиотечния материал Книги
Скрит в OPAC Не
Koha issues (borrowed), all copies 4
Периодичен библиозапис Да
999 ## - СИСТЕМНИ КОНТРОЛНИ НОМЕРА
Koha biblionumber 499145
Koha biblioitemnumber 499145
999 ## - СИСТЕМНИ КОНТРОЛНИ НОМЕРА
Koha biblioitemnumber 474541
944 ## - СЪЗДАВАНЕ И РЕДАКЦИЯ на ЗАПИСА
Създаване/Редакция
Дата на регистрацията/редакция Нора Радева
Служител, извършил регистрацията/редакцията 30531
Статус, дата на статуса Цветелина Шанова
Наличности
Код за отписване Код за изгубен артикул Източник на класификационната схема Код за повреда Код за отдаване Артикулен № Име на библиотеката - собственик Име на библиотеката, в която се намира в момента Статус (Текущо местоположение) Дата на вписване в системата Местоположение - отдел Цена в лева Инвентарен номер Систематично азбучна сигнатура Баркод Цена в евро Служебен тип на артикула
  Не е изгубен Universal Decimal Classification Не е повреден ползва се в читалня 937514 Регионална библиотека "Любен Каравелов" Русе Регионална библиотека "Любен Каравелов" Русе Хранилище 2023-12-20 Хранилище 20.00 120000896581 Цб 320581 120000896581 10.23 Книги
  Не е изгубен Universal Decimal Classification Не е повреден заемане за дома 958468 Регионална библиотека "Любен Каравелов" Русе Регионална библиотека "Любен Каравелов" Русе Заемна - подръчен фонд 2025-01-16 Заемна - подръчен фонд 14.00 120000917022 821.163.2-31/Г 37 Ю 120000917022 7.16 Книги
Vip Innovations Ltd, Rousse, Bulgaria 2025